000 01769cam a2200505 4500
008 040112n2004 000 0 eng u
020 _a0415315263
035 _a(Sirsi) u124823
041 _aeng
050 _a721
_c218
245 _aDesigning better buildings
_bquality and value in the built environment
260 _aLondon
_bSpon
_c2004
300 _axx, 220p.
_c28cm.
350 _a32
520 _aThis illustrated book written by practitioners, clients, academics and other experts presents the latest thinking on what design quality is and how it can be achieved. Summarises the benefits that arise from good design with the benefits illustrated through case study examples. Part one describes the perspective of clients and what they expect from design, with part two presenting case studies. Part three examines the processes necessary to achieve design quality, whilst part four discusses the issue of measuring design quality.
650 _aARCHITECTURE
650 _aDESIGN
650 _aDESIGN PRINCIPLES
650 _aDESIGN QUALITY
690 _aBUILT ENVIRONMENT-CONSTRUCTION DESIGN
700 _aMacmillan, Sebastian
700 _aBordass, B.
700 _aCarmona, M.
700 _aDickson, M.
700 _aEvans, R.
700 _aFeilden, R.
700 _aFrancis, S.
700 _aGann, D.
700 _aHaryott, R.
700 _aHaste, R
700 _aJones, A.
700 _aLawson, B.
700 _aLeaman, A.
700 _aOliver, G.
700 _aPollington, T.
700 _aPrasad, S.
700 _aRobinson, D.
700 _aRouse, J.
700 _aSalter, A.
700 _aTrebilcock, P.
700 _aWheeler, P.
700 _aWhyte, J.
700 _aWyatt, T.
942 _n0
999 _c103283
_d103283